| 000 | 01311nam a2200265 i 4500 | ||
|---|---|---|---|
| 005 | 20160213143600.0 | ||
| 008 | 141018s2005 ck abd gr 0001fdspa d | ||
| 020 | _z9589759742 | ||
| 040 |
_aCO-BoBLA _cCO-BoBLA _dCO-BoIAVH |
||
| 041 | _aspa | ||
| 082 | 0 | 4 |
_a582.16 _bL92m |
| 100 | 1 | _aLópez Camacho, René | |
| 245 | 1 | 0 |
_aManual de identificación de especies forestales en bosques naturales con manejo certificable por comunidades / _cRené López Camacho, Martín Iván Montero González ; fotografía René López Camacho, Martín Iván Montero González, Esteban Sosnitsky [y otro] ; ilustraciones Marcela Morales Sánchez. |
| 260 |
_aBogotá : _bInstituto Amazónico de Investigaciones Científicas SINCHI, _c2005. |
||
| 300 |
_a[126] páginas : _bilustraciones, gráficas y mapas ; _c29 cm. |
||
| 650 | 1 | 4 |
_aÁrboles _x Clasificación _z Colombia. |
| 650 | 2 | 4 |
_aÁrboles _x Fichas técnicas _z Colombia. |
| 650 | 2 | 4 |
_aÁrboles maderables _z Colombia. |
| 700 | 1 |
_aSosnitsky, Esteban, _efotógrafo. |
|
| 700 | 1 | _aMontero González, Martín Iván. | |
| 700 | 1 |
_aGiraldo, Bernardo, _efotógrafo. |
|
| 700 | 1 |
_aMorales Sánchez, Marcela, _eilustradora. |
|
| 942 |
_2ddc _cINFORME |
||
| 949 |
_an _bn |
||
| 999 |
_c5246 _d5246 |
||